They came to Northern Rhodesia : (Record no. 129733)
[ view plain ]
| 000 -LEADER | |
|---|---|
| fixed length control field | 00809nam a2200229 i 4500 |
| 001 - CONTROL NUMBER | |
| control field | 872092 |
| 003 - CONTROL NUMBER IDENTIFIER | |
| control field | ARRUPE |
| 005 - DATE AND TIME OF LATEST TRANSACTION | |
| control field | 20190820112759.0 |
| 008 - FIXED-LENGTH DATA ELEMENTS--GENERAL INFORMATION | |
| fixed length control field | 791203s1956 za b 000 0ceng |
| 010 ## - LIBRARY OF CONGRESS CONTROL NUMBER | |
| LC control number | 79320135 |
| 040 ## - CATALOGING SOURCE | |
| Original cataloging agency | DLC |
| Transcribing agency | DLC |
| Modifying agency | DLC |
| 043 ## - GEOGRAPHIC AREA CODE | |
| Geographic area code | f-za--- |
| 050 00 - LIBRARY OF CONGRESS CALL NUMBER | |
| Classification number | CT2006 |
| Item number | .S25 |
| 082 00 - DEWEY DECIMAL CLASSIFICATION NUMBER | |
| Classification number | 968.9/4/00992 |
| 300 ## - PHYSICAL DESCRIPTION | |
| Dimensions | 22 cm. |
| 100 1# - MAIN ENTRY--PERSONAL NAME | |
| Personal name | Sampson, Richard, |
| Dates associated with a name | 1922- |
| 9 (RLIN) | 47877 |
| 245 10 - TITLE STATEMENT | |
| Title | They came to Northern Rhodesia : |
| Remainder of title | being a record of persons who had entered what is now the Territory of Northern Rhodesia by 31st December, 1902 / |
| Statement of responsibility, etc | compiled by Richard Sampson. |
| 260 ## - PUBLICATION, DISTRIBUTION, ETC. (IMPRINT) | |
| Place of publication, distribution, etc | Lusaka : |
| Name of publisher, distributor, etc | Govt. Printer, |
| Date of publication, distribution, etc | 1956. |
| 300 ## - PHYSICAL DESCRIPTION | |
| Extent | xiv, 49 p. ; |
| 504 ## - BIBLIOGRAPHY, ETC. NOTE | |
| Bibliography, etc | Bibliography: p. 38-45. |
| 651 #0 - SUBJECT ADDED ENTRY--GEOGRAPHIC NAME | |
| Geographic name | Zambia |
| General subdivision | Biography. |
| 9 (RLIN) | 47878 |
| 906 ## - LOCAL DATA ELEMENT F, LDF (RLIN) | |
| a | 7 |
| b | cbc |
| c | orignew |
| d | 4 |
| e | ncip |
| f | 19 |
| g | y-gencatlg |
| 942 ## - ADDED ENTRY ELEMENTS (KOHA) | |
| Source of classification or shelving scheme | Library of Congress Classification |
| Koha item type | Monograph ( Printed materials) |
| Withdrawn status | Lost status | Source of classification or shelving scheme | Damaged status | Not for loan | Collection code | Home library | Current library | Shelving location | Date acquired | Total Checkouts | Full call number | Barcode | Date last seen | Price effective from | Koha item type |
|---|---|---|---|---|---|---|---|---|---|---|---|---|---|---|---|
| Library of Congress Classification | Main Collection | ARRUPE LIBRARY | ARRUPE LIBRARY | Main Collection | 20/08/2019 | CT2006 .S25 | 46600004921 | 20/08/2019 | 20/08/2019 | Monograph ( Printed materials) |